[Event "Eastpointe (US Am N/2/1)"]
[Site "?"]
[Date "1994.??.??"]
[Round "?"]
[White "Dowling, Jo"]
[Black "Bailey, Jason"]
[Result "1-0"]
[WhiteElo "2195"]
[BlackElo "1760"]
[PlyCount "97"]
[EventDate "1994.??.??"]

{2/(1)} 1. d4 d5 2. Nf3 c6 3. e3 Bf5 4. Be2 Nf6 5. O-O e6 6. b3 Be7 7. Bb2 O-O
8. Nbd2 Nbd7 9. c4 dxc4 10. bxc4 c5 11. Nb3 Qb6 12. Rc1 a5 13. Bc3 Rfd8 14. Bd3
a4 15. Na1 Bg4 16. Nc2 Qc7 17. Nce1 Nb6 18. Ba1 h6 19. Qc2 Nfd7 20. Ne5 Nf6 21.
h3 Bf5 22. Bxf5 exf5 23. Qxf5 cxd4 24. exd4 Ra5 25. Qf3 a3 26. Qb3 Na4 27. N1f3
Nd7 28. Rfe1 Nxe5 29. Rxe5 Bf6 30. Rxa5 Qxa5 31. Qxa3 b5 32. c5 Qc7 33. Rb1 Qc6
34. Qb3 Rc8 35. Qxb5 Kf8 36. Qxc6 Rxc6 37. Rb8+ Ke7 38. Rb1 Ke6 39. Kf1 Kd5 40.
Ke2 Ra6 41. Kd3 Nxc5+ 42. dxc5 Ra3+ 43. Kc2 Rxa2+ 44. Bb2 Kxc5 45. Kb3 Ra6 46.
Bxf6 Rxf6 47. Re1 Kd6 48. Kc3 Rf4 49. Kd3 1-0

[Event "Eastpointe (US Am N/6/1)"]
[Site "?"]
[Date "1994.??.??"]
[Round "?"]
[White "Dowling, Jo"]
[Black "Aldrich, Jeff"]
[Result "1-0"]
[WhiteElo "2195"]
[BlackElo "1900"]
[PlyCount "47"]
[EventDate "1994.??.??"]

{6/(1)} 1. d4 d5 2. Nf3 Nf6 3. Bf4 e6 4. e3 Bd6 5. Bg3 O-O 6. Bd3 c5 7. c3 Nc6
8. O-O Re8 9. Bb5 Bxg3 10. hxg3 Qb6 11. Bxc6 bxc6 12. Qc2 Ba6 13. Re1 Rab8 14.
b3 cxd4 15. cxd4 Rec8 16. Nc3 Bb5 17. Rec1 Qa6 18. Ne5 c5 19. Nxb5 Rxb5 20. a4
Rbb8 21. dxc5 Qb7 22. Rab1 a5 23. f3 Nd7 24. c6 1-0

[Event "Detroit (Class DE/1/22)"]
[Site "?"]
[Date "1994.??.??"]
[Round "?"]
[White "Dowling, Ji"]
[Black "Lyons, R."]
[Result "1-0"]
[WhiteElo "1605"]
[BlackElo "1605"]
[PlyCount "113"]
[EventDate "1994.??.??"]

{1/(22)} 1. d4 d5 2. c4 c6 3. cxd5 cxd5 4. Nc3 Nc6 5. Nf3 Bg4 6. e3 e6 7. Be2
Nf6 8. a3 Ne4 9. O-O Bd6 10. Ne5 Nxc3 11. bxc3 Bxe2 12. Qxe2 Bxe5 13. dxe5 Nxe5
14. Qb5+ Qd7 15. Rb1 b6 16. f4 Qxb5 17. Rxb5 Nc4 18. Rd1 a6 19. Rb4 b5 20. Rd4
f5 21. h4 O-O 22. Kf2 Nd6 23. Ke2 Rac8 24. Bb2 Rc4 25. a4 a5 26. Rbxc4 bxc4 27.
Ba3 Nb5 28. axb5 Rb8 29. Rd2 Kf7 30. Rb2 Ke8 31. b6 Rb7 32. h5 Kd7 33. Rb5 Kc6
34. Rxa5 Rxb6 35. Rc5+ Kd7 36. Bb4 Rc6 37. Ra5 Ke8 38. Ra7 Kd8 39. Rxg7 Rc7 40.
h6 Rd7 41. Kf3 Ke8 42. g4 Rxg7 43. hxg7 Kf7 44. Bf8 Kg8 45. gxf5 exf5 46. Kg3
h6 47. Kh4 Kh7 48. Kh5 d4 49. exd4 Kg8 50. Kxh6 Kf7 51. Kh7 Ke6 52. g8=Q+ Kd7
53. Qg6 Kd8 54. Qf7 Kc8 55. Bd6 Kd8 56. Qe7+ Kc8 57. Qc7# 1-0

[Event "Detroit (Class DE/5/5)"]
[Site "?"]
[Date "1994.??.??"]
[Round "?"]
[White "Dowling, Ji"]
[Black "Kenworthy, Matt"]
[Result "0-1"]
[WhiteElo "1605"]
[BlackElo "1605"]
[PlyCount "54"]
[EventDate "1994.??.??"]

{5/(5)} 1. d4 c5 2. c3 e6 3. e4 Nc6 4. Nf3 cxd4 5. cxd4 Bb4+ 6. Nc3 Nf6 7. Bd3
d6 8. O-O O-O 9. e5 dxe5 10. dxe5 Nd5 11. Qc2 h6 12. Ne4 Qc7 13. Nf6+ gxf6 14.
exf6 Nxf6 15. Bxh6 Re8 16. Bb5 Bd7 17. a3 Bd6 18. Qc3 Ne5 19. Qxc7 Nxf3+ 20.
gxf3 Bxc7 21. Bxd7 Nxd7 22. Rfd1 Ne5 23. Kg2 Kh7 24. Rac1 Re7 25. Bf4 Nd3 26.
Rxc7 Nxf4+ 27. Kf1 Rxc7 0-1

[Event "Detroit (Class DE/3/16)"]
[Site "?"]
[Date "1994.??.??"]
[Round "?"]
[White "Dowling, Ji"]
[Black "Banks, David"]
[Result "1-0"]
[WhiteElo "1605"]
[BlackElo "1605"]
[PlyCount "91"]
[EventDate "1994.??.??"]

{3/(16)} 1. d4 e6 2. c4 d5 3. Nc3 Bb4 4. Nf3 dxc4 5. e4 Nc6 6. Bxc4 Nf6 7. Bg5
Qd6 8. e5 Nxe5 9. dxe5 Qxd1+ 10. Rxd1 Ne4 11. Bd2 O-O 12. Nxe4 Bxd2+ 13. Rxd2
a6 14. O-O b5 15. Be2 Bb7 16. Nc5 Bxf3 17. Bxf3 Rad8 18. Rfd1 Rxd2 19. Rxd2 a5
20. a4 bxa4 21. Nxa4 Rb8 22. Rc2 h6 23. h4 Rb5 24. Rc5 Rb4 25. Rxa5 Rxh4 26. g4
h5 27. g5 Rh3 28. Kg2 Rh4 29. Kg3 Rd4 30. Bxh5 Rd3+ 31. Kf4 Rd5 32. Rxd5 exd5
33. Nc5 d4 34. Ke4 d3 35. Kxd3 Kf8 36. f4 Ke7 37. b4 f6 38. gxf6+ gxf6 39. e6
f5 40. Kd4 c6 41. Ke5 Kd8 42. Kd6 Kc8 43. e7 Kb8 44. e8=Q+ Ka7 45. Qxc6 Kb8 46.
Qb7# 1-0

[Event "Romulus (RVO/1/15)"]
[Site "?"]
[Date "1994.??.??"]
[Round "?"]
[White "Dowling, James"]
[Black "Morris, Jewell"]
[Result "0-1"]
[WhiteElo "1605"]
[BlackElo "1905"]
[PlyCount "96"]
[EventDate "1994.??.??"]

{1/(15)} 1. e4 e6 2. d4 d5 3. Nc3 Bb4 4. e5 c5 5. Nf3 Nc6 6. a3 cxd4 7. axb4
dxc3 8. bxc3 Qc7 9. Bb5 Nge7 10. O-O O-O 11. Re1 Bd7 12. Bd3 Ng6 13. Bxg6 hxg6
14. Ba3 Ne7 15. Qd2 Bb5 16. Nd4 Qc4 17. g4 Kh7 18. Re3 Rh8 19. Rae1 Kg8 20. Kg2
Rc8 21. Bb2 Ba6 22. Rg3 Nc6 23. Nf3 b6 24. Bc1 Bb7 25. Qd3 Qxd3 26. cxd3 d4 27.
b5 Na5 28. c4 Nb3 29. Bg5 Nc5 30. Rd1 Nd7 31. Re1 Rc5 32. Kg1 Bxf3 33. Rxf3
Nxe5 34. Rg3 Nxd3 35. Rxd3 Rxg5 36. Rxd4 Kh7 37. h4 Rc5 38. g5 Rhc8 39. Ree4
Kg8 40. Kg2 Kf8 41. Kg3 Ke7 42. f4 f5 43. gxf6+ gxf6 44. Rd2 Rxc4 45. Red4 Rxd4
46. Rxd4 Rc3+ 47. Kg4 Rb3 48. Re4 f5+ 0-1

[Event "Romulus (RVO/5/12)"]
[Site "?"]
[Date "1994.??.??"]
[Round "?"]
[White "Dowling, James"]
[Black "Moody, David"]
[Result "0-1"]
[WhiteElo "1605"]
[BlackElo "2000"]
[PlyCount "86"]
[EventDate "1994.??.??"]

{5/(12)} 1. Nf3 g6 2. e4 d6 3. d4 Bg7 4. c3 Nf6 5. Qd3 O-O 6. Be3 Nbd7 7. Nbd2
Ng4 8. Bf4 e5 9. Bg3 exd4 10. Nxd4 Nc5 11. Qc2 f5 12. Bc4+ Kh8 13. h3 Ne5 14.
f3 Qg5 15. Ne2 fxe4 16. f4 Ned3+ 17. Kf1 Be5 18. Kg1 Nxf4 19. Bxf4 Bxf4 20.
Nxf4 Rxf4 21. Re1 Bf5 22. Re3 Rf8 23. Nf1 Rxf1+ 24. Bxf1 Qxe3+ 25. Qf2 Qxf2+
26. Kxf2 Nd3+ 27. Ke3 Nxb2 28. Be2 Na4 29. c4 Nc5 30. g4 Be6 31. Rd1 Kg7 32. h4
Kf6 33. Rf1+ Ke7 34. Rd1 c6 35. g5 d5 36. Kd4 Kd6 37. cxd5 cxd5 38. h5 Rf2 39.
Re1 Nd3 40. Bxd3 Rd2 41. Re3 Rxd3+ 42. Rxd3 exd3 43. Kxd3 gxh5 0-1

[Event "Eastpointe (US Am N/3/3)"]
[Site "?"]
[Date "1994.??.??"]
[Round "?"]
[White "Dorsey, P."]
[Black "Walker, LeRoy"]
[Result "1-0"]
[WhiteElo "2165"]
[BlackElo "1810"]
[PlyCount "141"]
[EventDate "1994.??.??"]

{3/(3)} 1. e4 c6 2. d4 d5 3. Nc3 dxe4 4. Nxe4 Nf6 5. Nxf6+ exf6 6. Bf4 Bd6 7.
Ne2 Bf5 8. c3 Bxf4 9. Nxf4 O-O 10. Be2 Qd6 11. Nh5 Nd7 12. O-O Bg6 13. Qd2 Bxh5
14. Bxh5 b5 15. Qc2 Nb6 16. Bf3 a5 17. Rfe1 Rfe8 18. Be4 g6 19. Re2 f5 20. Bf3
Rxe2 21. Qxe2 Rd8 22. Re1 a4 23. Qe7 Qxe7 24. Rxe7 Rc8 25. a3 Kf8 26. Re5 Nd7
27. Re2 Nb6 28. Kf1 Kg7 29. Ke1 Kf6 30. Kd1 Nd7 31. Kc2 c5 32. Kd3 cxd4 33.
cxd4 Nf8 34. Re5 Rb8 35. Bc6 b4 36. Rb5 bxa3 37. bxa3 Rd8 38. Rb4 Ne6 39. Kc3
Rd6 40. Bxa4 Nf4 41. Bb3 Nxg2 42. Rb7 Kg5 43. Rxf7 h5 44. a4 Nf4 45. Bc4 Kg4
46. a5 Kh3 47. a6 Rd8 48. a7 Kxh2 49. Kd2 Rxd4+ 50. Ke3 Re4+ 51. Kd2 Rd4+ 52.
Kc3 Rd8 53. Rg7 h4 54. Rg8 Rxg8 55. Bxg8 h3 56. a8=Q Kg1 57. Qf3 h2 58. Qxf4
h1=Q 59. Qc1+ Kh2 60. Qxh1+ Kxh1 61. Kd2 Kg2 62. Ke2 g5 63. Be6 f4 64. f3 Kg1
65. Kd3 Kf2 66. Ke4 Kg3 67. Bg4 Kf2 68. Kf5 Ke2 69. Kxg5 Ke3 70. Kf5 Kd4 71.
Kxf4 1-0

[Event "Eastpointe (US Am N/1a/2)"]
[Site "?"]
[Date "1994.??.??"]
[Round "?"]
[White "Dorsey, P."]
[Black "Snuske, R."]
[Result "1-0"]
[WhiteElo "2165"]
[BlackElo "1625"]
[PlyCount "85"]
[EventDate "1994.??.??"]

1. e4 e5 2. Nf3 Nc6 3. Bb5 a6 4. Bxc6 dxc6 5. O-O Bg4 6. h3 Bxf3 7. Qxf3 Qf6 8.
Qe3 b6 9. Qe2 Bc5 10. b3 Ne7 11. Ba3 Bd6 12. Bb2 Ng6 13. g3 h5 14. f4 Bc5+ 15.
Kg2 Qd6 16. f5 Ne7 17. a4 Kd7 18. Na3 b5 19. Rf3 Qf6 20. d4 Bd6 21. Qd3 Ke8 22.
axb5 Bxa3 23. dxe5 Qh6 24. Bxa3 Rd8 25. Bc1 Rxd3 26. Bxh6 Rxf3 27. Bxg7 Rxg3+
28. Kxg3 Rg8 29. bxa6 Rxg7+ 30. Kf2 Nc8 31. a7 Nxa7 32. Rxa7 Kd7 33. Ra1 h4 34.
Rg1 Rh7 35. Kf3 c5 36. c4 Ke7 37. Rg8 Kd7 38. Rg1 Ke7 39. Rg7 Rh8 40. e6 Rf8
41. Rxf7+ Rxf7 42. exf7 Kxf7 43. e5 1-0

[Event "Eastpointe (US Am N/6/2)"]
[Site "?"]
[Date "1994.??.??"]
[Round "?"]
[White "Dorsey, P."]
[Black "Everett, Morgan"]
[Result "1-0"]
[WhiteElo "2165"]
[BlackElo "2160"]
[PlyCount "80"]
[EventDate "1994.??.??"]

{6/(2)} 1. e4 e5 2. Nf3 Nc6 3. Bb5 a6 4. Bxc6 dxc6 5. O-O Bg4 6. h3 Bh5 7. d3
Bd6 8. Be3 Ne7 9. Nbd2 O-O 10. Re1 c5 11. Nf1 Nc6 12. Ng3 Bg6 13. c3 Kh8 14.
Nd2 Qd7 15. Qg4 Qxg4 16. hxg4 Rad8 17. Nb3 b6 18. Rad1 a5 19. a4 Rd7 20. Rd2
Rfd8 21. Red1 f6 22. Nc1 Bf8 23. f3 Bf7 24. Nge2 g6 25. d4 cxd4 26. cxd4 Bb4
27. d5 Bxd2 28. Rxd2 Nb4 29. Nc3 Kg7 30. Nd3 Nxd3 31. Rxd3 Rb8 32. Rd2 f5 33.
gxf5 gxf5 34. exf5 h6 35. g4 b5 36. Rh2 Rh8 37. f4 exf4 38. Bxf4 Re7 39. d6
Re1+ 40. Kf2 Rc1 1-0

[Event "Eastpointe (US Am N/5/1)"]
[Site "?"]
[Date "1994.??.??"]
[Round "?"]
[White "Dorsey, P."]
[Black "Dowling, Jo"]
[Result "1/2-1/2"]
[WhiteElo "2165"]
[BlackElo "2195"]
[PlyCount "55"]
[EventDate "1994.??.??"]

{5/(1)} 1. e4 e6 2. d4 d5 3. exd5 exd5 4. Bd3 Nc6 5. c3 Bd6 6. Ne2 Bg4 7. f3
Bh5 8. Bf4 Nge7 9. Nd2 O-O 10. Qc2 Bg6 11. O-O Bxd3 12. Qxd3 Ng6 13. Bxd6 Qxd6
14. f4 f6 15. f5 Nh8 16. Nf4 Rae8 17. Qf3 Ne7 18. Nh5 Nc8 19. Qg4 Qd7 20. Rae1
Nd6 21. Rxe8 Nxe8 22. Re1 Rf7 23. Re6 Kf8 24. Nf4 g5 25. fxg6 Nxg6 26. Nxg6+
hxg6 27. Qh3 Kg7 28. Re3 1/2-1/2

[Event "Detroit (MOR/1b/10)"]
[Site "?"]
[Date "1994.??.??"]
[Round "?"]
[White "Domke, G."]
[Black "Velasquez, A."]
[Result "0-1"]
[WhiteElo "1605"]
[BlackElo "1690"]
[PlyCount "106"]
[EventDate "1994.??.??"]

1. e4 c5 2. Nf3 Nc6 3. Bc4 g6 4. d3 Bg7 5. O-O d6 6. Ng5 e6 7. Nc3 Nf6 8. Bb5
O-O 9. Bxc6 bxc6 10. h3 Bb7 11. Be3 Nd7 12. Nf3 d5 13. exd5 cxd5 14. d4 Rc8 15.
Nb5 Qb6 16. a4 a6 17. dxc5 Nxc5 18. Nbd4 Qc7 19. c3 Ne4 20. Nd2 Rfd8 21. Rc1
Qe7 22. N4f3 a5 23. Re1 Qd6 24. Qc2 Qa6 25. Bd4 Nc5 26. Nb3 Bxd4 27. Nbxd4 Nd3
28. Ng5 Nxe1 29. Rxe1 Qc4 30. Ngf3 Ba6 31. Qe2 Qxe2 32. Nxe2 Bxe2 33. Rxe2 Rc4
34. Nd4 Rxa4 35. Nc6 Rd7 36. Ne5 Rc7 37. Nd3 Ra2 38. Re1 Rc4 39. g3 Re4 40. Kf1
Rxe1+ 41. Kxe1 f6 42. f4 Kf7 43. Ke2 Ke7 44. Ke3 Kd6 45. Kd4 Ra4+ 46. b4 axb4
47. cxb4 e5+ 48. fxe5+ fxe5+ 49. Kc3 Ra3+ 50. Kc2 e4 51. Nf4 Rxg3 52. b5 d4 53.
b6 Kc6 0-1

[Event "Detroit (MOR/3/42)"]
[Site "?"]
[Date "1994.??.??"]
[Round "?"]
[White "Domke, G."]
[Black "Solski, Jeff"]
[Result "0-1"]
[WhiteElo "1605"]
[BlackElo "1605"]
[PlyCount "66"]
[EventDate "1994.??.??"]

{3/(42)} 1. e4 c5 2. Nf3 e6 3. d4 cxd4 4. Nxd4 Nf6 5. Nc3 a6 6. Bd3 d6 7. h3
Be7 8. Nf3 Nc6 9. O-O Bd7 10. Be3 Nb4 11. Qd2 Nxd3 12. cxd3 Rc8 13. Rac1 Bc6
14. Rfe1 b5 15. b4 Ba8 16. Bg5 Rxc3 17. Bxf6 Rxc1 18. Rxc1 Bxf6 19. a3 O-O 20.
Re1 Qe7 21. d4 Rc8 22. Qd3 Qc7 23. g4 Qc3 24. Qxc3 Rxc3 25. Re3 Rxe3 26. fxe3
Bxe4 27. Kf2 Bxf3 28. Kxf3 g5 29. Ke2 e5 30. d5 e4 31. Kd2 Bb2 32. Kc2 Bxa3 33.
Kb3 Bc1 0-1

[Event "Detroit (MOR/5/58)"]
[Site "?"]
[Date "1994.??.??"]
[Round "?"]
[White "Domke, G."]
[Black "Leaf, J."]
[Result "0-1"]
[WhiteElo "1605"]
[BlackElo "1605"]
[PlyCount "60"]
[EventDate "1994.??.??"]

{5/(58)} 1. e4 e5 2. Nf3 Nc6 3. Nc3 Nf6 4. Bd3 Bd6 5. O-O O-O 6. Re1 b6 7. a3
Bb7 8. Bc4 Re8 9. d3 h6 10. h3 Nd4 11. Nxd4 exd4 12. Nb5 Bc5 13. e5 Bd5 14.
exf6 Bxc4 15. dxc4 Rxe1+ 16. Qxe1 Qxf6 17. Nxc7 d3 18. Be3 Rc8 19. Nd5 Qxb2 20.
Bxc5 bxc5 21. cxd3 Qd4 22. Ne7+ Kf8 23. Nxc8 Qb2 24. Rb1 Qxa3 25. Nd6 g6 26.
Nb5 Qa6 27. Nc7 Qc6 28. Qe3 Qxc7 29. Qxh6+ Ke8 30. Qf8+ Kxf8 0-1

[Event "Eastpointe (US Am N/1b/24)"]
[Site "?"]
[Date "1994.??.??"]
[Round "?"]
[White "Domke, G."]
[Black "Herzog, M."]
[Result "0-1"]
[WhiteElo "1605"]
[BlackElo "1635"]
[PlyCount "48"]
[EventDate "1994.??.??"]

1. d4 Nf6 2. c4 e6 3. Nf3 b6 4. e3 Bb7 5. Bd3 Be7 6. O-O O-O 7. Nc3 d5 8. Re1
Ne4 9. Bd2 Nd7 10. Qc2 Ndf6 11. h3 Nxc3 12. Bxc3 Ne4 13. a3 f5 14. g3 Nxc3 15.
Qxc3 dxc4 16. Bxc4 Bxf3 17. Bxe6+ Kh8 18. Rac1 Rf6 19. Bb3 Rh6 20. Kh2 Bg4 21.
Rh1 Bf3 22. Rhg1 Bd6 23. Bc2 g6 24. Bb3 Qh4 0-1

[Event "Eastpointe (MI Action/1/10)"]
[Site "?"]
[Date "1994.??.??"]
[Round "?"]
[White "Domka, D."]
[Black "Skidmore, Mike"]
[Result "0-1"]
[WhiteElo "1605"]
[BlackElo "1945"]
[PlyCount "67"]
[EventDate "1994.??.??"]

{1/(10)} 1. e4 c6 2. Nf3 d5 3. exd5 cxd5 4. Bb5+ Bd7 5. Bxd7+ Nxd7 6. O-O Ngf6
7. h3 e6 8. d4 Bd6 9. Bg5 O-O 10. Nc3 a6 11. Re1 Qc7 12. a3 b5 13. b4 Qxc3 14.
Ne5 Bxe5 15. dxe5 Ne4 16. Re3 Qxe5 17. f4 Qc7 18. Qg4 Ndf6 19. Bxf6 Nxf6 20.
Qe2 Qb6 21. a4 Rac8 22. axb5 axb5 23. Rc1 Rc3 24. Re1 Rfc8 25. Qf3 h6 26. Kh2
Rxe3 27. Rxe3 Rxc2 28. Re2 Rc4 29. f5 Qd6+ 30. g3 Ne4 31. fxe6 fxe6 32. Ra2 Rc3
33. Ra8+ Kh7 34. Rf8 $138 0-1

[Event "Eastpointe (MI Action/3/21)"]
[Site "?"]
[Date "1994.??.??"]
[Round "?"]
[White "Domka, D."]
[Black "Russeau, M."]
[Result "1-0"]
[WhiteElo "1605"]
[BlackElo "1605"]
[PlyCount "33"]
[EventDate "1994.??.??"]

{3/(21)} 1. e4 e5 2. Nf3 Nc6 3. Bc4 Bc5 4. O-O Qf6 5. d3 Nh6 6. Bg5 Qd6 7. Nc3
O-O 8. Nb5 Qd4 9. Nfxd4 Bxd4 10. Bxh6 gxh6 11. Qg4+ Kh8 12. Nxc7 Rg8 13. Qh5
Rg5 14. Qxf7 Nd8 15. Qf6+ Rg7 16. Qf8+ Rg8 17. Qxg8# 1-0

[Event "Eastpointe (MI Action/5/21)"]
[Site "?"]
[Date "1994.??.??"]
[Round "?"]
[White "Domka, D."]
[Black "Parker, Den"]
[Result "1-0"]
[WhiteElo "1605"]
[BlackElo "1605"]
[PlyCount "107"]
[EventDate "1994.??.??"]

{5/(21)} 1. e4 e5 2. Nf3 Nc6 3. Bc4 Nf6 4. d3 d6 5. h3 Be7 6. O-O O-O 7. Be3
Bd7 8. Nc3 Qc8 9. Ng5 Be6 10. Bb3 Bxb3 11. axb3 Nd7 12. Nd5 Bxg5 13. Bxg5 Nf6
14. Bxf6 Qe6 15. Nxc7 Qxf6 16. Nxa8 Rxa8 17. Qg4 Nd4 18. Qd7 Ne2+ 19. Kh1 Qg6
20. Rxa7 Rf8 21. Qxb7 h6 22. Ra8 Rxa8 23. Qxa8+ Kh7 24. Ra1 Qg5 25. b4 Qd2 26.
Qa6 Nf4 27. Rf1 Qe2 28. Kg1 Qh5 29. Qxd6 Ne2+ 30. Kh1 Nf4 31. b5 Qe2 32. Rg1
Qxc2 33. Qxe5 Nxd3 34. Qf5+ Kg8 35. Ra1 g6 36. Ra8+ Kg7 37. Qf3 Ne5 38. Qc3
Qxc3 39. bxc3 Nc4 40. e5 Nxe5 41. b6 Nc6 42. b7 Kf6 43. b8=Q Nxb8 44. Rxb8 h5
45. c4 Ke6 46. Rd8 f5 47. c5 f4 48. c6 Ke5 49. c7 Ke4 50. c8=Q f3 51. Qe6+ Kf4
52. Rf8+ Kg5 53. Qf6+ Kh6 54. Rh8# 1-0

[Event "Eastpointe (MI Action/6/17)"]
[Site "?"]
[Date "1994.??.??"]
[Round "?"]
[White "Domka, D."]
[Black "Kane, Paul"]
[Result "0-1"]
[WhiteElo "1605"]
[BlackElo "1605"]
[PlyCount "66"]
[EventDate "1994.??.??"]

{6/(17)} 1. e4 c5 2. Nf3 d6 3. Bc4 e6 4. d3 g6 5. Bg5 Ne7 6. Nc3 Bg7 7. O-O O-O
8. d4 cxd4 9. Nxd4 a6 10. h3 b5 11. Bb3 Bb7 12. a3 Qc7 13. Nde2 Nec6 14. Nf4
Nd4 15. Rc1 Nxb3 16. cxb3 Nc6 17. Re1 h6 18. Bh4 g5 19. Nxe6 fxe6 20. Bg3 e5
21. Nd5 Qd8 22. Qh5 Nd4 23. Rc7 Bxd5 24. Rxg7+ Kxg7 25. exd5 Rc8 26. b4 Rc2 27.
h4 Qf6 28. hxg5 Qxg5 29. Qd1 Rfc8 30. Qd3 Rc1 31. Rf1 Rxf1+ 32. Kxf1 Rc1+ 33.
Qd1 Rxd1# 0-1

[Event "Gaylord (NMO/3/18)"]
[Site "?"]
[Date "1994.??.??"]
[Round "?"]
[White "Dohm, F."]
[Black "Ranger, S."]
[Result "1-0"]
[WhiteElo "1605"]
[BlackElo "1605"]
[PlyCount "33"]
[EventDate "1994.??.??"]

{3/(18)} 1. d4 Nc6 2. Nf3 Nf6 3. g3 d5 4. b3 e6 5. Bg2 Bb4+ 6. Nbd2 O-O 7. c4
Ne4 8. O-O b6 9. a3 Bc3 10. Rb1 Nxd4 11. Nxe4 dxe4 12. Ng5 e5 13. Bxe4 Bh3 14.
Nxh3 Rc8 15. e3 Ne6 16. Qh5 Qf6 17. Qxh7# 1-0

[Event "Gaylord (NMO/5/16)"]
[Site "?"]
[Date "1994.??.??"]
[Round "?"]
[White "Dohm, F."]
[Black "Ranger, J."]
[Result "1-0"]
[WhiteElo "1605"]
[BlackElo "1605"]
[PlyCount "69"]
[EventDate "1994.??.??"]

{5/(16)} 1. e4 Nc6 2. Nf3 e5 3. Bb5 Nf6 4. d3 a6 5. Ba4 Bd6 6. c3 O-O 7. O-O
Ne7 8. Nbd2 Ng6 9. Nc4 Be7 10. Re1 d6 11. d4 b5 12. dxe5 bxc4 13. exf6 Bxf6 14.
Bd2 Be6 15. Rb1 Rb8 16. Nd4 Bd7 17. Nc6 Bxc6 18. Bxc6 Bh4 19. Qe2 Qf6 20. g3
Rb6 21. Qxc4 Ne5 22. Qe2 Bxg3 23. fxg3 Nf3+ 24. Kh1 Rxc6 25. Rf1 Qg6 26. Rxf3
Re8 27. Rbf1 f6 28. Rf5 d5 29. Qd3 Re5 30. Rxe5 fxe5 31. Qxd5+ Re6 32. c4 c6
33. Qc5 Qxe4+ 34. Kg1 Qe2 35. Qf8# 1-0

[Event "Detroit (Class DE/2/6)"]
[Site "?"]
[Date "1994.??.??"]
[Round "?"]
[White "Dohm, F."]
[Black "Moore, De"]
[Result "0-1"]
[WhiteElo "1605"]
[BlackElo "1605"]
[PlyCount "76"]
[EventDate "1994.??.??"]

{2/(6)} 1. Nf3 Nc6 2. e4 a6 3. Bc4 e5 4. c3 h6 5. d3 Nf6 6. Nbd2 Bc5 7. Nb3 Bb6
8. Nh4 d6 9. Nf3 Ng4 10. d4 exd4 11. Nfxd4 Qe7 12. O-O O-O 13. Be2 Nf6 14. f3
Ne5 15. Kh1 Ng6 16. a4 Nh4 17. a5 Bc5 18. Nxc5 dxc5 19. Nb3 Be6 20. c4 Rfd8 21.
Qe1 Ng6 22. Be3 b6 23. f4 Bg4 24. e5 Bxe2 25. Qxe2 Nd7 26. Nd2 c6 27. Ne4 b5
28. Bf2 Nxf4 29. Qf3 Ng6 30. Ng3 Ngxe5 31. Qd1 Nxc4 32. Re1 Qf6 33. Ne4 Qxb2
34. Bh4 f6 35. Qg4 Kh8 36. Ng3 Nde5 37. Qf4 Nd3 38. Qg4 Nf2+ 0-1

[Event "Detroit (Class DE/4/16)"]
[Site "?"]
[Date "1994.??.??"]
[Round "?"]
[White "Dohm, F."]
[Black "Kyser, Bob"]
[Result "0-1"]
[WhiteElo "1605"]
[BlackElo "1605"]
[PlyCount "98"]
[EventDate "1994.??.??"]

{4/(16)} 1. e4 c5 2. Nf3 Nc6 3. c3 d6 4. Bc4 Nf6 5. d3 e6 6. Nbd2 Be7 7. Nb3 a6
8. Nbd2 b5 9. Bb3 Bb7 10. a3 Qc7 11. Ba2 Rd8 12. Nb3 O-O 13. O-O d5 14. exd5
exd5 15. d4 c4 16. Nbd2 Bc8 17. h3 Bd6 18. Re1 Be6 19. a4 b4 20. Nf1 b3 21. Bb1
a5 22. Nh4 Ne7 23. g3 Rde8 24. Bd2 Bxh3 25. Nh2 Bxg3 26. fxg3 Qxg3+ 27. Kh1
Qxh4 28. Rg1 Ne4 29. Bxe4 Qxe4+ 30. Nf3 h5 31. Kh2 Bg4 32. Rg3 Nf5 33. Rxg4
hxg4 34. Ng5 Qe2+ 35. Kg1 f6 36. Qxe2 Rxe2 37. Bf4 fxg5 38. Bxg5 Rxb2 39. Rf1
Nd6 40. Bf4 Ne4 41. Be3 Rb1 42. Rxb1 Nxc3 43. Rb2 Nxa4 44. Rb1 Nc3 45. Rb2 a4
46. Bd2 a3 47. Bxc3 axb2 48. Bxb2 Rf3 49. Kg2 c3 0-1

[Event "Detroit (Class DE/5/17)"]
[Site "?"]
[Date "1994.??.??"]
[Round "?"]
[White "Dohm, F."]
[Black "Gaiefsky, Joey"]
[Result "0-1"]
[WhiteElo "1605"]
[BlackElo "1605"]
[PlyCount "64"]
[EventDate "1994.??.??"]

{5/(17)} 1. e4 e5 2. Nf3 Nc6 3. c3 Nf6 4. Ng5 d5 5. exd5 Nxd5 6. Nf3 e4 7. Qe2
Bc5 8. Qxe4+ Be6 9. Bc4 Nce7 10. O-O Qd7 11. Ng5 Bf5 12. Qe2 O-O-O 13. Nxf7 Nf4
14. Qf3 Neg6 15. Nxh8 Rxh8 16. d4 Bd6 17. Qe3 Nh3+ 18. gxh3 Bxh3 19. Kh1 Bxf1
20. Bxf1 Bf4 21. Qf3 Bxc1 22. Bh3 Bxb2 23. Bxd7+ Kxd7 24. Qf7+ Kd8 25. Qxg7 Re8
26. Qf6+ Re7 27. Na3 Bxa1 28. Nb5 a6 29. Na7 Bxc3 30. Qg5 c6 31. Qg4 Rd7 32. h4
Ne7 {[Remainder illegible; 0-1, 53?]} 0-1

[Event "Gaylord (NMO/1/10)"]
[Site "?"]
[Date "1994.??.??"]
[Round "?"]
[White "Dohm, F."]
[Black "Foote, Greg"]
[Result "0-1"]
[WhiteElo "1605"]
[BlackElo "1705"]
[PlyCount "82"]
[EventDate "1994.??.??"]

{1/(10)} 1. e4 c5 2. Nf3 e6 3. Nc3 Nc6 4. b3 a6 5. Bb2 Nf6 6. Bc4 b5 7. Bd3 Bb7
8. a3 Be7 9. Qe2 O-O 10. O-O-O Qa5 11. Nb1 d5 12. e5 Nd7 13. Qe3 c4 14. Bc3 Qc7
15. bxc4 bxc4 16. Be2 Rab8 17. d3 Bc5 18. d4 Be7 19. Kd2 f6 20. exf6 Nxf6 21.
Ng5 Nd8 22. Bf3 Bc8 23. Ke2 h6 24. Nh3 Nf7 25. Nf4 Qb6 26. Nd2 Bxa3 27. Rb1 Qd6
28. Rxb8 Qxb8 29. Ng6 Re8 30. Rb1 Qd6 31. g3 Ng5 32. Bg2 Ng4 33. Qf4 Qxf4 34.
Nxf4 Bd6 35. h4 Nf7 36. Bh3 e5 37. dxe5 Nfxe5 38. Rb6 Nd7+ 39. Kf3 Nxb6 40.
Bxg4 Bb7 41. Nh5 d4+ 0-1

[Event "Flint (MI YJ Spon/3)"]
[Site "?"]
[Date "1994.??.??"]
[Round "?"]
[White "Distefano, R."]
[Black "Seibert, T."]
[Result "1-0"]
[WhiteElo "1605"]
[BlackElo "1605"]
[PlyCount "53"]
[EventDate "1994.??.??"]

1. e4 e5 2. Nf3 Nf6 3. Nc3 d5 4. exd5 Nxd5 5. Nxe5 Bb4 6. Qf3 f6 7. Qh5+ Ke7 8.
Qf7+ Kd6 9. Qxd5+ Ke7 10. Qf7+ Kd6 11. Nc4+ Kc6 12. Qh5 Re8+ 13. Be2 Bxc3 14.
dxc3 b6 15. Qf3+ Qd5 16. Qxd5+ Kxd5 17. Be3 Ba6 18. Bf3+ Kxc4 19. Bxa8 Nd7 20.
Bf3 Bc8 21. O-O-O Kb5 22. Rd4 a5 23. Bg4 Re7 24. Rhd1 Ne5 25. Bxc8 c6 26. a4+
Kc5 27. Rh4# 1-0

[Event "Flint (MI YJ Spon/1)"]
[Site "?"]
[Date "1994.??.??"]
[Round "?"]
[White "Distefano, R."]
[Black "Biondo, Albert"]
[Result "1-0"]
[WhiteElo "1605"]
[BlackElo "1605"]
[PlyCount "65"]
[EventDate "1994.??.??"]

1. e4 e5 2. Nf3 Nc6 3. Bb5 Nf6 4. O-O Nxe4 5. d4 Nd6 6. Bxc6 e4 7. Bxe4 Nxe4 8.
Re1 d5 9. Nfd2 Bf5 10. f3 Qe7 11. fxe4 dxe4 12. Qe2 O-O-O 13. Nxe4 Rxd4 14.
Nbc3 Qe5 15. Ng3 Qc5 16. Be3 Bg4 17. Bxd4 Qxd4+ 18. Qe3 Qxe3+ 19. Rxe3 Bc5 20.
Rae1 Re8 21. Kf2 g6 22. Nd1 f5 23. Kf1 Rxe3 24. Rxe3 Bxe3 25. Nxe3 f4 26. Nxg4
fxg3 27. hxg3 h5 28. Ne5 g5 29. g4 hxg4 30. Nxg4 Kd7 31. Ke2 Ke6 32. Kf2 Kf5
33. Ne3+ {[Remainder illegible; 1-0, 60?]} 1-0

[Event "Romulus (RVO/5/7)"]
[Site "?"]
[Date "1994.??.??"]
[Round "?"]
[White "Dean, Ji"]
[Black "Ward, Tim"]
[Result "1/2-1/2"]
[WhiteElo "2120"]
[BlackElo "1870"]
[PlyCount "82"]
[EventDate "1994.??.??"]

{5/(7)} 1. e4 e6 2. d4 d5 3. Nc3 Nf6 4. Bg5 Bb4 5. Nge2 dxe4 6. a3 Be7 7. Bxf6
gxf6 8. Nxe4 f5 9. N4c3 c6 10. g3 b6 11. Bg2 Bb7 12. Qd2 Nd7 13. O-O Qc7 14.
Rad1 O-O-O 15. Nc1 h5 16. Qe2 h4 17. Nd3 hxg3 18. hxg3 Bd6 19. f4 Rdg8 20. Qe3
Rg7 21. Ne2 Nf6 22. Ne5 Ng4 23. Nxg4 Rxg4 24. Kf2 Rh2 25. Rh1 Rxg2+ 26. Kxg2
c5+ 27. Kf2 Bxh1 28. Rxh1 cxd4 29. Nxd4 Rg8 30. b3 Bc5 31. b4 Bxd4 32. Qxd4 Rd8
33. Rh8 Rxh8 34. Qxh8+ Qd8 35. Qxd8+ Kxd8 36. Ke3 Kd7 37. Kd4 Kd6 38. c4 f6 39.
Kd3 Kc6 40. Kd4 Kd6 41. Kd3 Kc6 1/2-1/2